| 000 | 00452nam a2200157 4500 | ||
|---|---|---|---|
| 001 | 113080 | ||
| 003 | ES-MaACL | ||
| 005 | 20230906185740.0 | ||
| 007 | t| | ||
| 008 | 061121s1964 sp r ||||1| spa d | ||
| 100 | 1 |
_aMussner, Francisco. _984698 |
|
| 245 | 1 | 3 |
_aEl mensaje de las parábolas de Jesús / _cFrancisco Mussner. |
| 260 |
_aEstela (Navarra) : _bVerbo Divino, _c1964. |
||
| 300 |
_a106 p. ; _c19 cm. |
||
| 852 |
_aES-MaACL _jC-25491 _bR.53347 |
||
| 999 |
_c113080 _d113080 |
||